University Libraries in India (Record no. 1158237)

MARC details
000 -LEADER
fixed length control field 00765nam a2200253Ia 4500
003 - CONTROL NUMBER IDENTIFIER
control field OSt
005 - DATE AND TIME OF LATEST TRANSACTION
control field 20221007080044.0
008 - FIXED-LENGTH DATA ELEMENTS--GENERAL INFORMATION
fixed length control field 221006b |||||||| |||| 00| 0 eng d
037 ## - SOURCE OF ACQUISITION
Terms of availability Reference Collections
040 ## - CATALOGING SOURCE
Original cataloging agency FLL
Transcribing agency FLL
Language of cataloging eng
041 ## - LANGUAGE CODE
Source of code eng
Language code of text/sound track or separate title eng
100 ## - MAIN ENTRY--PERSONAL NAME
Personal name Srivastava Shyam Nath
245 #0 - TITLE STATEMENT
Title University Libraries in India
Remainder of title organistion and Administration
260 ## - PUBLICATION, DISTRIBUTION, ETC.
Place of publication, distribution, etc. New Delhi
Name of publisher, distributor, etc. Sterling India
Date of publication, distribution, etc. 1980
300 ## - PHYSICAL DESCRIPTION
Extent 351
Dimensions cm.
650 ## - SUBJECT ADDED ENTRY--TOPICAL TERM
Topical term or geographic name entry element Library Science
700 ## - ADDED ENTRY--PERSONAL NAME
Personal name Verma Subhash Chandra
9 (RLIN) 694562
942 ## - ADDED ENTRY ELEMENTS (KOHA)
Classification part 234.2.N7, M0
Koha item type Reference
Source of classification or shelving scheme Colon Classification (CC)
Holdings
Withdrawn status Lost status Source of classification or shelving scheme Damaged status Not for loan Home library Current library Date acquired Total Checkouts Full call number Barcode Date last seen Price effective from Koha item type
    Colon Classification (CC)     Faculty of Law Library Faculty of Law Library 2022-10-07   234.2.N7 M0 LL0582994 2022-10-07 2022-10-07 Reference
Copyright @ Delhi University Library System